Analýza štruktúry sociálnych služieb v Prešovskom kraji v kontexte procesu globálneho starnutia

Aktuálna problematika dlhodobej zdravotnej starostlivosti. Na analýzu štruktúry poskytovateľov sociálnych služieb bol zvolený Prešovský kraj s cieľom zhodnotenia aktuálnej situácie a špecifík v existujúcom sociálnom modeli daného regiónu. Pohľad na index starnutia v dlhšom časovom horizonte, nakoľko...

Descrizione completa

Salvato in:
Dettagli Bibliografici
Autore principale: Gavurová, Beáta, 1972-
Altri autori: Liptáková, Erika
Natura: Capitolo di libro
Lingua:slovacco
Soggetti:
Tags: Aggiungi Tag
Nessun Tag, puoi essere il primo ad aggiungerne!!

MARC

LEADER 00000naa a2200000 4500
001 0192728
005 20220726092307.8
041 0 |a slo 
044 |a SK 
245 1 0 |a Analýza štruktúry sociálnych služieb v Prešovskom kraji v kontexte procesu globálneho starnutia  |c Beáta Gavurová, Erika Liptáková 
520 |a Aktuálna problematika dlhodobej zdravotnej starostlivosti. Na analýzu štruktúry poskytovateľov sociálnych služieb bol zvolený Prešovský kraj s cieľom zhodnotenia aktuálnej situácie a špecifík v existujúcom sociálnom modeli daného regiónu. Pohľad na index starnutia v dlhšom časovom horizonte, nakoľko demografické zmeny sú signifikantným faktorom v procese tvorby sociálnych programov a stratégií. Výstupy analýzy poukázali na nevyhnutnosť prístupu k hlbšie štruktúrovaným údajom a realizácie viacdimenzionálnych analýz reflektujúcich na demografické aspekty, morbiditu a sociálnu odkázanosť obyvateľov daného regiónu. 
610 2 0 |a Slovensko 
610 2 0 |a služby sociálne 
610 2 0 |a starostlivosť zdravotná 
610 2 0 |a štatistika demografická 
610 2 0 |a starnutie populácie 
100 1 |a Gavurová, Beáta, 1972- 
700 1 |a Liptáková, Erika